Bilecik Bilecik Bilecik Bilecik Bilecik

Osmanlı fermanları = (Record no. 6367)

MARC details
000 -BAŞLIK
Sabit Uzunluktaki Kontrol Alanı 01306nam a22003617a 4500
001 - KONTROL NUMARASI
Control Dosyası 0006386
003 - KONTROL NUMARASI KİMLİĞİ
Kontrol Alanı KOHA_MİRAKIL
005 - EN SON İŞLEM TARİHİ ve ZAMANI
Kontrol Alanı 20260207001522.0
007 - FİZİKSEL TANIM SABİT ALAN - GENEL BİLGİ
Sabit uzunluklu kontrol alanı ta
008 - SABİT UZUNLUKTAKİ VERİ ÖGELERİ - GENEL BİLGİ
Sabit Alan 110307b1994 tu a|||gr||||#||||0|tur |
020 ## - ISBN - ULUSLARARASI STANDART KİTAP NUMARASI
Isbn 9751905850
Kullanılabilirlik koşulları 0,01
040 ## - KATALOGLAMA KAYNAĞI
Özgün Kataloglama Kurumu TR-BiSEU
Kataloglama Dili tur
Çeviri Kurumu TR-BiSEU
Açıklama Kuralları rda
041 0# - DİL KODU
Metin ya da ses kaydının dil kodu tur
044 ## - YAYINLAYAN/ÜRETEN KURULUŞUN ÜLKE KODU
ISO country code tu
050 ## - SINIFLAMA ve YER NUMARASI
Sınıflama Numarası CD2267
Yer Numarası .O86 1994
240 10 - TEK BİÇİM BAŞLIK
Tekbiçim Başlık <a href="Ottoman fermans">Ottoman fermans</a>
Language of a work Türkçe
245 0# - ESER ADI BİLDİRİMİ
Başlık Osmanlı fermanları =
Alt Eseradı vb. Ottoman fermans/
Sorumluluk Bildirimi Proje yöneticisi İ. Binark.
264 #1 - ÜRERİM, YAYIN, DAĞITIM ve TELİF BİLDİRİMİ
Yayın yeri Ankara :
Yayınlayan T.C. Başbakanlık Devlet Arşivleri Genel Müdürlüğü
Yayın tarihi 1994
300 ## - FİZİKSEL TANIMLAMA
Sayfa, Cilt vb. xxx, 177 sayfa: resimli
336 ## - İÇERİK TÜRÜ
Content type term metin
Content type code txt
Source rdacontent
337 ## - MEDYA TÜRÜ
Media type term aracısız
Media type code n
Source rdamedia
338 ## - TAŞIYICI TÜRÜ
Carrier type term cilt
Carrier type code nc
Source rdacarrier
490 1# - DİZİ BİLDİRİMİ
Dizi Bildirimi T.C.
490 1# - DİZİ BİLDİRİMİ
Dizi Bildirimi Başbakanlık Devlet Arşivleri Genel Müdürlüğü Osmanlı Arşivi Daire Başkanlığı ;
Cilt Numarası yayın nu : 19.
500 ## - GENEL NOT
Genel Not Text in Turkish and English.
500 ## - GENEL NOT
Genel Not Kaynakça var.
650 #0 - KONU BAŞLIĞI EK GİRİŞ - KONU TERİMİ
Konusal terim veya coğrafi ad Başbakanlık Osmanlı Arşivi (Turkey).
9 (RLIN) 15933
650 #0 - KONU BAŞLIĞI EK GİRİŞ - KONU TERİMİ
Konusal terim veya coğrafi ad Manuscripts, Turkish.
9 (RLIN) 15934
650 #0 - KONU BAŞLIĞI EK GİRİŞ - KONU TERİMİ
Konusal terim veya coğrafi ad Turkey--History--Ottoman Empire, 1288-1918.
9 (RLIN) 4433
830 1# - SERİ EK GİRİŞİ - TEKBİÇİM ESER ADI
Tekbiçim Başlık T.C.
9 (RLIN) 6297
830 1# - SERİ EK GİRİŞİ - TEKBİÇİM ESER ADI
Tekbiçim Başlık Başbakanlık Devlet Arşivleri Genel Müdürlüğü Osmanlı Arşivi Daire Başkanlığı ;
Volume number/sequential designation yayın nu : 19.
9 (RLIN) 15935
942 ## - EK GİRİŞ ÖGELERİ (KOHA)
Source of classification or shelving scheme Library of Congress Classification
Koha item type Book
Holdings
Materyal Türü Kalıcı Konum Mevcut Konum Raf Yeri Sınıflandırma Kaynağı Edinim Bilgisi Ana Konular Alt Konular Yer Numarası Demirbaş Numarası Fatura Tarihi Geri Çekilme Durumu Kayıp Durumu Hasarlı Durumu Kredi için değil Kayıt Tarih Toplam Ödünçverme Son Görülme Tarihi Son Kontrol Tarihi Genel / Bağış Notu
Book Prof. Dr. Azmi Özcan Kütüphanesi Prof. Dr. Azmi Özcan Kütüphanesi Uluğbey Salonu Library of Congress Classification Bağış TARİHE YARDIMCI BİLİMLER Diplomatik, Arşivler, Mühürler CD2267 .O86 1994 0006386 13/08/2010         06/07/2009   05/12/2024 05/12/2024 Genel Bağış
Book Prof. Dr. Azmi Özcan Kütüphanesi Prof. Dr. Azmi Özcan Kütüphanesi Uluğbey Salonu Library of Congress Classification Bağış TARİHE YARDIMCI BİLİMLER Diplomatik, Arşivler, Mühürler CD2267 .O86 1994 0028092 02/02/2026         07/03/2011 1 05/12/2024 05/12/2024 Mustafa Serin, İdari Personel